Ethics and Animals (Record no. 524477)

MARC details
000 -LEADER
fixed length control field 01454nam a2200193Ia 4500
008 - FIXED-LENGTH DATA ELEMENTS--GENERAL INFORMATION
fixed length control field 240821s9999 xx 000 0 und d
020 ## - INTERNATIONAL STANDARD BOOK NUMBER
ISBN 9781108986571
Paper back/Hardbound pbk
041 ## - LANGUAGE CODE
Language code of text/sound track or separate title eng
082 ## - DEWEY DECIMAL CLASSIFICATION NUMBER
Classification number 179.3
Item number GRU
100 ## - MAIN ENTRY--AUTHOR NAME
Personal name Gruen, Lori
245 #0 - TITLE STATEMENT
Title Ethics and Animals
Statement of responsibility, etc / Lori Gruen
250 ## - EDITION STATEMENT
Edition statement 2nd ed.
260 ## - PUBLICATION, DISTRIBUTION, ETC. (IMPRINT)
Name of publisher Cambrdige
Year of publication 2021
Place of publication New delhi
300 ## - PHYSICAL DESCRIPTION
Number of Pages xvi, 255 p.
Dimensions 24 c.m.
504 ## - BIBLIOGRAPHY, ETC. NOTE
Bibliography, etc Includes index
520 ## - SUMMARY, ETC.
Summary, etc "In this comprehensive updated introduction to animal ethics, Lori Gruen weaves together poignant and provocative case studies with discussions of ethical theory, urging readers to engage critically and reflect empathetically on our relationships with other animals. In clear and accessible language, Gruen discusses a range of issues central to human-animal relations and offers a reasoned new perspective on key debates in the field. She analyses and explains a range of theoretical positions and poses challenging questions that directly encourage readers to hone their ethical reasoning skills and to develop a defensible position about their own practices. Her book will be an invaluable resource for students in a wide range of disciplines including ethics, environmental studies, veterinary science, gender studies, and the emerging field of animal studies. The book is an engaging account of animal ethics for readers with no prior background in philosophy"
650 ## - SUBJECT ADDED ENTRY--TOPICAL TERM
Topical Term Animal welfare Moral and ethical aspects
942 ## - ADDED ENTRY ELEMENTS (KOHA)
Koha item type Reference
Holdings
Withdrawn status Lost status Damaged status Not for loan Home library Current library Shelving location Date acquired Cost, normal purchase price Full call number Accession Number Price effective from Koha item type
        Anna Centenary Library Anna Centenary Library 3RD FLOOR, A WING 01.04.2024 2850.00 179.3 GRU 674704 01.04.2024 Reference

Find us on the map